|
|
|
|
| LEADER |
00000nam2a2200000 4500 |
| 001 |
191468 |
| 005 |
20231031180721.0 |
| 035 |
|
|
|a (RuTPU)RU\TPU\book\208769
|
| 090 |
|
|
|a 191468
|
| 100 |
|
|
|a 20110204d1978 m y0rusy50 ca
|
| 101 |
0 |
|
|a rus
|
| 102 |
|
|
|a RU
|
| 105 |
|
|
|a a z 000zy
|
| 200 |
0 |
|
|a Ч. 4: Элементы теории случайных величин и случайных процессов. Оптимизация одномерных стационарных систем при случайных воздействиях
|
| 210 |
|
|
|d 1978
|
| 215 |
|
|
|a 44 с.
|c ил.
|
| 461 |
|
1 |
|0 (RuTPU)RU\TPU\book\66222
|t Теория автоматического управления
|o конспект лекций
|f В. В. Солодовников, В. Г. Коньков, В. Ф. Бирюков
|v Ч. 4: Элементы теории случайных величин и случайных процессов. Оптимизация одномерных стационарных систем при случайных воздействиях
|d 1976-1979
|
| 610 |
1 |
|
|a ТАУ
|
| 610 |
1 |
|
|a автоматическое управление
|
| 610 |
1 |
|
|a случайные величины
|
| 610 |
1 |
|
|a случайные процессы
|
| 610 |
1 |
|
|a случайные воздействия
|
| 610 |
1 |
|
|a стационарные системы
|
| 610 |
1 |
|
|a оптимизация
|
| 610 |
1 |
|
|a учебные пособия
|
| 610 |
1 |
|
|a лекции
|
| 675 |
|
|
|a 62-50(075.8)
|v 3
|
| 801 |
|
1 |
|a RU
|b 63413507
|c 20110204
|
| 801 |
|
2 |
|a RU
|b 63413507
|c 20140414
|g RCR
|
| 942 |
|
|
|c BK
|